Иркутский государственный университет им. А. А. Жданова. Крупнейший учебно-методический и научный центр Восточной Сибири: краткий исторический очерк

Bibliografiske detaljer
Andre forfattere: Фридман В. Г. (редактор)
Sprog:russisk
Udgivet: Иркутск, Восточно-Сибирское кн. изд-во, 1978
Fag:
Format: MixedMaterials Bog
KOHA link:https://koha.lib.tpu.ru/cgi-bin/koha/opac-detail.pl?biblionumber=367957

MARC

LEADER 00000nam0a2200000 4500
001 367957
005 20231102012033.0
035 |a (RuTPU)RU\TPU\retro\25320 
090 |a 367957 
100 |a 20220328d1978 km y0rusy50 ca 
101 0 |a rus 
102 |a RU 
105 |a a z 001zy 
200 1 |a Иркутский государственный университет им. А. А. Жданова. Крупнейший учебно-методический и научный центр Восточной Сибири  |e краткий исторический очерк  |f под ред. В. Г. Фридмана 
210 |a Иркутск  |c Восточно-Сибирское кн. изд-во  |d 1978 
215 |a 172 с.  |c ил. 
320 |a Библиогр.: с.165-170 
320 |a Библиография в ссылках 
606 1 |a Университеты  |2 stltpush  |3 (RuTPU)RU\TPU\subj\63052  |9 80100 
610 1 |a высшее образование 
610 1 |a вузы 
610 1 |a Западная Сибирь 
610 1 |a Иркутск 
610 1 |a факультеты 
610 1 |a исторические очерки 
610 1 |a преподаватели 
610 1 |a профессора 
686 |a Ч484(2)71  |v LBC/SL-A  |2 rubbk 
702 1 |a Фридман  |b В. Г.  |4 340 
801 1 |a RU  |b 63413507  |c 20220328 
801 2 |a RU  |b 63413507  |c 20220328  |g RCR 
942 |c BK